| 000 | 00518nam a2200169 i 4500 | ||
|---|---|---|---|
| 001 | 62475 | ||
| 003 | ES-MaACL | ||
| 005 | 20231205164442.0 | ||
| 007 | t| | ||
| 008 | 031121s1950 sp ||||1| spa d | ||
| 100 | 1 |
_aFernández Almagro, Melchor, _d1893-1966 _949447 |
|
| 245 | 1 | 0 |
_aSan Martín _b: de Guayaquil a Boulogne-sur-Mer : (1822-1850) / _cMelchor Fernández Almagro. |
| 260 |
_aMadrid : _bMaestre, _c1950. |
||
| 300 |
_a38 p. ; _c25 cm. |
||
| 852 |
_aES-MaACL _j1908-F-24 _bR.30842 |
||
| 999 |
_c62475 _d62475 |
||